| 000 | 00362nam a22001577a 4500 | ||
|---|---|---|---|
| 003 | MPLRDC | ||
| 005 | 20220104180445.0 | ||
| 008 | 210129b ||||| |||| 00| 0 eng d | ||
| 082 | _a868.7 HUS | ||
| 100 | _aABDULLAH HUSSAIN | ||
| 245 |
_aPERISTIWA _c |
||
| 260 |
_a _bPENERBITAN PUSTAKA ANTARA _c1965 |
||
| 300 | _b平 | ||
| 650 | _a | ||
| 942 |
_cBK _o868.7 HUS |
||
| 999 |
_c60926 _d60916 |
||